| 000 | 00891nam a22002297a 4500 | ||
|---|---|---|---|
| 001 | 7529 | ||
| 003 | FISKH | ||
| 005 | 20250723114329.0 | ||
| 008 | 250723b cb ||||| |||| 00| 0 eng d | ||
| 020 | _a9780312506681 | ||
| 040 |
_aFISKH _beng _cFISKH _dFISKH |
||
| 050 | _aPZ7 | ||
| 082 | _a620.11 | ||
| 100 | _aPriddy, Roger | ||
| 245 |
_aBig and busy where things come from : _bDiscover where everyday things come from and how they are made / |
||
| 260 |
_aNew York : _bPriddy Book, _c2009. |
||
| 300 |
_a10 unnumbered pages ; _bcolor illustrations ; _c29 cm |
||
| 520 | _aProvides information on the materials and products people use every day, discussing metals, crops, livestock, and how processing changes food, and invites young readers to lift flaps, turn a wheel, and slide panels to learn more. | ||
| 650 |
_aAnimals _vFarming Food |
||
| 942 |
_2ddc _cBK _n0 |
||
| 999 |
_c7529 _d7529 |
||